000 00582cam a22001457a 4500
008 180718b1995 xxu||||| |||| 00| 0 eng d
082 _aR6:B142x5413 In2h
245 _aReport on socio-economic conditions of women workers in selected handloom and khadi units in Bihar (1993)
_cby Shram Bureau, Shram Mantralaya
260 _aChandigarh
_bDirector, Labour Bureau
_c1995
300 _a72+p.
650 _aWork environment - India - Bihar
650 _aWomen employment - India - Bihar
650 _aHandloom industry - India - Bihar
700 _aIndia. Shram Mantralaya. Shram Bureau
999 _c483804
_d483804